000 00711nam a2200289Ia 4500
005 20260324134402.0
008 008 260324s9999 xx 000 0 eng d
020 _a9781351323840
037 _aEBOOK
040 _aCRL
040 _beng
040 _cCRL
041 _2eng
041 _aeng
084 _qCRL
100 _aAdrian Karatnycky
_91196624
245 0 _aFreedom in the World: 2001-2002
245 4 _bThe Annual Survey of Political Rights and Civil Liberties
260 _bTaylor and Francis
260 _c2002
365 _a
365 _b170
856 _uhttp://www.taylorfrancis.com/books/9781351323840
942 _cEBOOK
999 _c1796664
_d1796664